000
00337nam a2200145Ia 4500
008
210716s1994 xx 000 0 und d
020
_a
672304139
041
_a
eng
082
_a
006.42 WODR
100
_a
Wodaski, Ron.
245
_a
Multimedia madness.
250
_a
1
260
_a
USA
_b
SAMS publishing
_c
1994
300
_a
xlii,1100
999
_c
180663
_d
180663